Les joueurs les plus chers de l'Histoire - Statistiques

Statistiques générales
  • Ce quiz a été pris 133 fois
  • Le résultat moyen est 20 sur 100
Statistiques - réponses
Hint Réponse % Correct
180 M Neymar
97%
200 M Mbappé
95%
120 M Cristiano Ronaldo
94%
180 M Messi
90%
200 M Haaland
68%
180 M Bellingham
63%
150 M Griezmann
47%
150 M Kane
46%
100 M Pogba
44%
120 M Dembélé
43%
150 M Salah
43%
90 M Lewandowski
40%
150 M De Bruyne
39%
90 M Bale
38%
130 M Rodri
38%
110 M Rodrygo
38%
150 M Foden
37%
150 M Mané
34%
200 M Vinicius Junior
34%
150 M Coutinho
31%
90 M Gavi
30%
150 M Hazard
30%
100 M Pedri
30%
80 M Ronaldinho
29%
100 M Kanté
28%
100 M Lukaku
28%
130 M Musiala
28%
80 M Kroos
25%
140 M Saka
24%
100 M Camavinga
23%
120 M Rice
23%
80 M Saliba
23%
90 M Son
23%
100 M Grealish
22%
150 M Lamine Yamal
22%
90 M Palmer
22%
100 M Tchouaméni
22%
130 M Valverde
22%
130 M Wirtz
22%
85 M Rashford
21%
90 M De Jong
19%
80 M Varane
18%
90 M Leao
17%
80 M Casemiro
16%
130 M Sancho
16%
160 M Sterling
16%
80 M Kolo Muani
15%
110 M Odegaard
15%
90 M Alisson
14%
100 M Bernardo Silva
14%
85 M Enzo Fernandez
14%
80 M Aguero
13%
75 M Antony
13%
110 M Dybala
13%
100 M Joao Félix
12%
90 M Kimmich
12%
90 M Gnabry
11%
100 M Oblak
11%
110 M Alexander-Arnold
10%
75 M Gabriel
10%
80 M Gvardiol
10%
90 M Havertz
10%
90 M Bruno Fernandes
9%
90 M Isco
9%
110 M Lautaro Martinez
9%
90 M Luis Suarez
9%
80 M Ruben Dias
9%
120 M Oshimen
8%
80 M Robertson
8%
100 M Van Djik
8%
85 M Vlahovic
8%
80 M Barella
7%
80 M James Rodriguez
7%
90 M Julian Alvarez
7%
80 M Busquets
6%
75 M Mac Allister
6%
90 M Ter Stegen
6%
80 M Xavi Simons
6%
75 M Mount
5%
80 M Nkunku
5%
100 M Eriksen
4%
80 M Gabriel Jesus
4%
100 M Icardi
4%
75 M Isak
4%
85 M Kvaratskhelia
4%
100 M Leroy Sané
4%
80 M Ansu Fati
3%
90 M Firminio
3%
80 M Llorente
3%
75 M Szoboszlai
3%
80 M Werner
3%
80 M Alphonso Davies
2%
90 M Asensio
2%
100 M Dele Alli
2%
85 M Gabriel Martinneli
2%
80 M Luiz Diaz
2%
85 M Bruno Guimares
1%
90 M Caceido
0%
90 M Milinkovic-Savic
0%
90 M Saul Niguez
0%
Aucun quiz correspondant
Distribution des résultats
% des personnes avec chaque résultat
Percentile par nombre de réponses
Votre historique - résultats
Vous n’avez pas pris ce quiz